Представление документа в формате RUSMARC

ПолеНазваниеЗначение
  Тип записи a
  Библиографический уровень m
001 Контрольный номер RU/ГПНТБ России/KNIGADB/84(4Ита)-44/Д 40-361056252
005 Дата корректировки 20260429151922.2
010 Индекс ISBN __
a ISBN 978-5-9614-9164-7
b Уточнения в пер.
b Уточнения рус.
010 Индекс ISBN __
a ISBN 978-8-8429-3484-4
b Уточнения итал.
9 Тираж 10000 экз.
d Цена 350-00
100 Данные общей обработки __
a Данные общей обработки 20260421d2026 m y0rusy028902 ca
101 Язык документа 1_
a Язык текста rus
c Язык оригинала ita
102 Страна публикации __
a Страна публикации RU
105 Кодированные данные (монография) __
a Кодированные данные (монография) y z 000ay
181 Поле кодированных данных: вид содержания _0
a Код вида содержания (ISBD) i
182 Поле кодированных данных: тип средства _0
a Код типа средства (ISBD) n
200 Заглавие и сведения об ответственности 1_
a Заглавие Почтальонша
e Сведения, относящиеся к заглавию роман
f Первые сведения об ответственности Франческа Джанноне
g Последующие сведения об ответственности перевод с итальянского [Юлии Гармашовой]
203 Вид содержания и тип средства __
c Тип средства непосредственный
a Вид содержания Текст
210 Выходные данные 1_
a Место издания Москва
c Издательство Альпина Паблишер
d Дата издания 2026
215 Физическое описание __
a Объем 586, [3] с.
d Формат 20 см
225 Серия 2_
a Серия Belles Lettres
330 Аннотация __
a Аннотация Роман основан на истории прабабушки автора, в нем рассказывается о жизни Анны - молодой женщины с севера Италии, в 1934 году переехавшей вместе с семьей на юг страны, на родину мужа. Став первой женщиной-почтальоном в Лиццанелло, Анна бросает вызов патриархальным устоям общества. Более 20 лет, сначала пешком, а затем на велосипеде, она доставляет жителям важную корреспонденцию: это и письма солдат с фронта, и открытки от тех, кто навсегда покинул Италию, и послания тайных любовников. Анна читает письма неграмотным и даже учит их читать и писать. Сама того не замечая, смелая "чужачка" с севера многое изменит в южном городке и серьезно повлияет на положение женщин в нем.
333 Примечание о целевом назначении __
a Примечание о целевом назначении 12+. Для детей старше 12 лет
454 Оригинал _0
1 2001
a La Portalettere
f Francesca Giannone
1 700 1
a Giannone
g Francesca
b F.
606 Тематические рубрики __
2 Код системы nlr_sh
a Основная рубрика Художественная литература
606 Тематические рубрики __
2 Код системы nlr_sh
a Основная рубрика Литература Европы (произведения)
y Географическая подрубрика Италия
z Хронологическая подрубрика 21 в.
610 Ключевые слова 0_
a Ключевые слова зарубежная литература
610 Ключевые слова 0_
a Ключевые слова современная литература
610 Ключевые слова 0_
a Ключевые слова итальянская литература
610 Ключевые слова 0_
a Ключевые слова романы
610 Ключевые слова 0_
a Ключевые слова биографические романы
610 Ключевые слова 0_
a Ключевые слова женская проза
610 Ключевые слова 0_
a Ключевые слова тема женских судеб
610 Ключевые слова 0_
a Ключевые слова женские судьбы
610 Ключевые слова 0_
a Ключевые слова тема сильных женщин
610 Ключевые слова 0_
a Ключевые слова сильные женщины
686 Индексы других классификаций __
2 Код системы rubbks
a Классификационный индекс 84(4Ита)6-4
700 Автор _1
a Фамилия Джанноне
b Имя Ф.
g Полное личное имя Франческа
f Даты 1982-
4 Код отношения 070
702 Вторичная интеллектуальная ответственность _1
a Фамилия Гармашова
b Имя Ю.
g Полное личное имя Юлия
4 Код отношения 730
801 Источник записи _0
b Организация ГПНТБ России
a Страна RU
c Дата составления 20260420
g Правила каталогизации PSBO
801 Источник записи _1
b Организация ГПНТБ России
a Страна RU
c Дата составления 20260420
g Правила каталогизации PSBO
852 Данные о местонахождении 5_
j Шифр хранения 84(4Ита)6-4
i Авторский знак Д 40
900 Макрообъекты __
a Макрообъекты Почтальонша.Джанноне, Ф. , 2026
901 Тип документа __
a Ответственный КиК/Обаева
t Тип документа m
901 Тип документа __
a Ответственный 5 партия
903 Характеристики (МАРС) __
a Дата передачи 20260421
c Наименование библиотеки (МАРС) Муниципальное бюджетное учреждение культуры "Централизованная библиотечная система" г. Сургут (Центральная городская библиотека им. А. С. Пушкина)
990 Данные о заказе (DOS) __
j Количество экземпляров (DOS) 1
t N записи в КСУ для И/У (DOS) 202605